Retail and leisure multiplex cinemas in shopping centres - January 1999. (Record no. 100046)

MARC details
000 -LEADER
fixed length control field 00697cam a2200253 4500
008 - FIXED-LENGTH DATA ELEMENTS--GENERAL INFORMATION
fixed length control field 000000n1998 000 0 eng u
020 ## - INTERNATIONAL STANDARD BOOK NUMBER
International Standard Book Number M102133
035 ## - SYSTEM CONTROL NUMBER
System control number (Sirsi) u102133
041 ## - LANGUAGE CODE
Language code of text/sound track or separate title ENG
050 ## - LIBRARY OF CONGRESS CALL NUMBER
Classification number 711.552
110 ## - MAIN ENTRY--CORPORATE NAME
Corporate name or jurisdiction name as entry element Jones Lang Wootton
9 (RLIN) 2909
245 ## - TITLE STATEMENT
Title Retail and leisure multiplex cinemas in shopping centres - January 1999.
260 ## - PUBLICATION, DISTRIBUTION, ETC.
Place of publication, distribution, etc. London
Name of publisher, distributor, etc. Jones Lang Wooton
Date of publication, distribution, etc. 1998
300 ## - PHYSICAL DESCRIPTION
Extent 15p. ; 30cm.
650 ## - SUBJECT ADDED ENTRY--TOPICAL TERM
Topical term or geographic name entry element RETAIL PROPERTIES
650 ## - SUBJECT ADDED ENTRY--TOPICAL TERM
Topical term or geographic name entry element SHOPPING CENTRES
650 ## - SUBJECT ADDED ENTRY--TOPICAL TERM
Topical term or geographic name entry element RETAIL PARKS
650 ## - SUBJECT ADDED ENTRY--TOPICAL TERM
Topical term or geographic name entry element CINEMAS
650 ## - SUBJECT ADDED ENTRY--TOPICAL TERM
Topical term or geographic name entry element MARKET SURVEYS
650 ## - SUBJECT ADDED ENTRY--TOPICAL TERM
Topical term or geographic name entry element PLANNING
650 ## - SUBJECT ADDED ENTRY--TOPICAL TERM
Topical term or geographic name entry element LEISURE AND RECREATION FACILITIES
690 ## - LOCAL SUBJECT ADDED ENTRY--TOPICAL TERM (OCLC, RLIN)
Topical term or geographic name as entry element ECONOMIC AND SOCIAL
942 ## - ADDED ENTRY ELEMENTS (KOHA)
Suppress in OPAC 0
Holdings
Withdrawn status Lost status Source of classification or shelving scheme Damaged status Not for loan Home library Current library Shelving location Date acquired Total Checkouts Full call number Barcode Date last seen Date last checked out Copy number Price effective from Koha item type
    Dewey Decimal Classification     London London Folio 16/11/1999 1 F711.552 JON 30059983 06/08/2019 16/11/1999 1 06/08/2019 Book